000 00376nam a2200133 a 4500
005 20140414131929.0
008 101103s19uu xx 00 eng d
020 _a978-0-06-167307-8
050 _aM 790.6
_bB85 2008
100 _aBuchanan, Andrea J.
245 _aThe pocket daring book for girls :
_bthings to do.
260 _aNew York :
_bCollins,
_c2008.
999 _c112184
_d112184